| 000 | 009270000a22002770004500 | ||
|---|---|---|---|
| 001 | 48728 | ||
| 010 | _a972-575-096-9 | ||
| 021 |
_aPT _b34174/90 |
||
| 100 | _a20030210d2003 k y0pory5003 ba | ||
| 101 | 0 | _apor | |
| 102 | _aPT | ||
| 200 | 1 |
_aComo lhes aprouver _fWilliam Shakespear _gadapt. Charles Lamb e Mary Lamb _gilust. Margarida Dias Coelho |
|
| 210 |
_aLisboa _cContexto _d1990 |
||
| 215 |
_a32 p _d18 cm |
||
| 225 | 2 |
_aContos de Shakespeare _v18 |
|
| 304 | _aTítulo original: As you like it | ||
| 606 |
_aLiteratura estrangeira _xConto |
||
| 675 |
_a821.111-34"19" _vBN _zpor |
||
| 700 | 1 |
_aShakespear _bWilliam _f1564-1616 |
|
| 702 | 1 |
_926747 _4010 _aLamb _bCharles _f1775-1834 |
|
| 702 |
_926752 _4010 _aLamb _bMary _f1764-1847 |
||
| 702 |
_936279 _4730 _aPescada _bAntónio |
||
| 702 |
_914565 _4440 _aCoelho _bMargarida Dias |
||
| 090 | _a48728 | ||
| 942 |
_cMON _n0 |
||
| 999 | _a48728 | ||